Walking across European borders: Portugal to Azerbaijan - Statistics

General Stats
  • This quiz has been taken 441 times
  • The average score is 28 of 42
Answer Stats
Country % Correct
Portugal
100%
Spain
100%
Andorra
95%
France
95%
Luxembourg
83%
Belgium
81%
Germany
81%
Netherlands
81%
Denmark
78%
Finland
77%
Norway
77%
Sweden (cross Øresund bridge) NY
77%
Russia
76%
Estonia
74%
Latvia LA
74%
Lithuania BS
74%
Belarus PD
73%
Czechia SA
72%
Poland CA
72%
Slovakia UE
71%
Ukraine
67%
Bulgaria MA
65%
Moldova
65%
Romania BA
65%
Macedonia KO
59%
Kosovo
58%
Serbia
58%
Austria
52%
Hungary
52%
Armenia
48%
Azerbaijan
48%
Georgia
48%
Italy
48%
Switzerland
48%
Turkey GA
48%
Albania
47%
Greece
47%
Liechtenstein
47%
Bosnia and Herzegovina
46%
Croatia
46%
Montenegro
46%
Slovenia
46%
No matching quizzes found
Score Distribution
Percent of People with Each Score
Percentile by Number Answered
Your Score History
You have not taken this quiz